| 000 | 00844cam a22002537a 4500 | ||
|---|---|---|---|
| 001 | 000001657 | ||
| 005 | 20240513201349.0 | ||
| 008 | 820312s1969 ag ad 001 0 spa | ||
| 040 |
_aDO-SdBNP _bspa _cBNPHU |
||
| 082 |
_a307.14 _bD441 |
||
| 245 | 0 | 0 |
_aDesarrollo comunitario y cambio social / _cHugo Calello... [et al.]. |
| 260 |
_aBuenos Aires : _bInstituto de Investigaciones Económicas y Sociales, _c1969. |
||
| 300 |
_a253 p. : _bil., tablas ; _c22 cm. |
||
| 490 | 1 | _aEsquema | |
| 650 | 0 |
_aDesarrollo de la comunidad _9453 |
|
| 650 | 0 |
_aCambio social _91661 |
|
| 700 | 1 |
_aCalello, Hugo _eed. _95395 |
|
| 700 | 1 |
_aRissech, Elvira _eed. _95396 |
|
| 700 | 1 |
_aSlutzky, Daniel _eed. _95397 |
|
| 700 | 1 |
_aColabell, Santos _eed. _95398 |
|
| 700 | 1 |
_aMeister, Albert _eed. _95399 |
|
| 700 | 1 |
_aJelin, Eliso Beth _eed. _95400 |
|
| 830 | 0 |
_aEsquema _95401 |
|
| 999 |
_c1542 _d1542 |
||